Southville International School and Colleges
Your cart is empty.
  • Cart
  • Lists
    Public lists Eva Luna New books Lux_list list_1
    Your lists Log in to create your own lists
  • Log in to your account
  • Your cookies
  • Search history
Southville International School and Colleges
  • Advanced search
  • Recent comments
  • Most popular
  • Libraries

Log in to your account

Log in with GOOGLE


If you do not have an external account, but do have a local account, you can still log in:

  1. Home
  2. MARC view: The Spartans :
Normal view MARC view ISBD view

The Spartans : (Record no. 2516)

[ view plain ]
MARC details
000 -LEADER
fixed length control field 00661nam a22002297a 4500
003 - CONTROL NUMBER IDENTIFIER
control field ARcadia
005 - DATE AND TIME OF LATEST TRANSACTION
control field 20140310181734.0
008 - FIXED-LENGTH DATA ELEMENTS--GENERAL INFORMATION
fixed length control field 130319t xxu||||| |||| 00| 0 eng d
020 ## - INTERNATIONAL STANDARD BOOK NUMBER
International Standard Book Number 1585674028
050 ## - LIBRARY OF CONGRESS CALL NUMBER
Classification number DF 261
Item number .C327 2003
082 ## - DEWEY DECIMAL CLASSIFICATION NUMBER
Classification number TR 938.9
Item number C24 2003
100 ## - MAIN ENTRY--PERSONAL NAME
Personal name Cartledge, Paul
9 (RLIN) 1796
245 ## - TITLE STATEMENT
Title The Spartans :
Remainder of title An Epic History /
Statement of responsibility, etc Paul Cartledge.
260 ## - PUBLICATION, DISTRIBUTION, ETC. (IMPRINT)
Place of publication, distribution, etc Woodstock, NY:
Name of publisher, distributor, etc Overlook Press,
Date of publication, distribution, etc c2003.
300 ## - PHYSICAL DESCRIPTION
Extent 304 p. :
Other physical details ill., maps ;
Dimensions 23 cm.
500 ## - GENERAL NOTE
General note "PAN books". Includes index.
521 ## - TARGET AUDIENCE NOTE
Target audience note
541 ## - IMMEDIATE SOURCE OF ACQUISITION NOTE
-- 1
562 ## - COPY AND VERSION IDENTIFICATION NOTE
Number of copies 1
650 ## - SUBJECT ADDED ENTRY--TOPICAL TERM
Topical term or geographic name as entry element Sparta (Extinct city)
General subdivision History.
9 (RLIN) 1797
942 ## - ADDED ENTRY ELEMENTS (KOHA)
Source of classification or shelving scheme Library of Congress Classification
Koha item type
Call number prefix
Holdings
Withdrawn status Lost status Source of classification or shelving scheme Damaged status Home library Current library Shelving location Date acquired Total Checkouts Full call number Barcode Date last seen Copy number Price effective from Koha item type
    Library of Congress Classification   Luxembourg Library Luxembourg Library Teachers Reference Section 03/19/2013   DF 261 .C327 2003 16107 08/13/2013 1 10/03/2013 Books

The Spartans :

APA

Cartledge P., . (2003). The Spartans. Woodstock, NY: Overlook Press.

Chicago

Cartledge Paul, . 2003. The Spartans. Woodstock, NY: Overlook Press.

Harvard

Cartledge P., . (2003). The Spartans. Woodstock, NY: Overlook Press.

MLA

Cartledge Paul, . The Spartans. Woodstock, NY: Overlook Press. 2003.

  • Place hold
  • Print
  • Cite
  • Add to your cart (remove)
  • Save record
    BIBTEX Dublin Core MARCXML MARC (non-Unicode/MARC-8) MARC (Unicode/UTF-8) MARC (Unicode/UTF-8, Standard) MODS (XML) RIS
  • More searches
    Search for this title in:
    Other Libraries (WorldCat) Other Databases (Google Scholar) Online Stores (Bookfinder.com) Open Library (openlibrary.org)

Exporting to Dublin Core...

SOUTHVILLE LIBRARY

Southville International School and Colleges Library

1281 Tropical Ave. Cor. Luxembourg St., BF Homes International, Las Pinas City

Tel. No. 8256374 / 252358 Loc. 117/146

Powered by Koha